000 00497nam a2200181Ia 4500
005 20250326125353.0
008 250326s9999 xx 000 0 und d
037 _aTextbook
040 _aFMSL
_beng
_cFMSL
041 _aeng
_2eng
084 _aX8(J3):8 L3
_qFMSL
100 _aFearn D A
_9738958
245 0 _aFood and beverage management
_cFearn D A
260 _aLondon
_bLondon, Butterworths
_c1973
300 _a294p
942 _cTB
_hX8(J3):8 L3
999 _c1277735
_d1277735